1693 1428 1631 1244 1783 1800 1033 1125 1550 1880 1236 1357 1014 1943 1309 1075 1518 1478 1124 1946 1579 1868 1602 1709 1897 1426 1424 1618 1857 1230 1565 1167 1809 1232 1369 1840 1923 1559 1700 1676 1858 1730 1885 1720 1909 1907 1255 1557 1721 1997 1967 1036 1543 1413 1865 1840 1191 1003 1917 1818 1673 1299 1799 1993 1646 1609 1826 1502 1242 1612 1004 1829 1020 1271 1555 1764 1813 1157 1920 1131 1139 1178 1387 1333 1595 1736 1397 1795 1397 1355 1155 1180 1181 1580 1486 1667 1453 1590 1526 BCNSPRNW ULIB Ver.6.0+V

เปลี่ยนเป็นภาษาไทย

Change to English
 แสดงรายละเอียดบรรณานุกรม
  กลับหน้าหลัก

Brief Record : Get Marc (ISO 2709) : E-mail record : QR code < ปิดหน้าต่าง
LEADER : 00000nam 2200000uu 4500
001    13399125978
003     ULIB
008    020711s2560 th a 000 0 tha d
020    ^a9786169227892
050    ^aLA1221^bม-ข
110    ^aมูลนิธิพัฒนจาการศึกษาบุคลากรสุขภาพแห่งชาติ(ศสช.)
245    ^aข้อเสนอแนะการพัฒนาการจัดการศึกษาวิชาชีพสุขภาพเฉพาะประเด็นเพื่อปฏิรูปสถาบันการศึกษาและการเรียนการสอน
260    ^aนนทบุรี :^bเดอะกราฟิโกซิสเต็มส์ จำกัด,^c2560
300    ^a48 หน้า;^c16 ซม.
650    ^aการศึกษา-สุขภาพ
945    ^p0^l0^i003409
999    ^aประนอม เกษจรัล
รายการนี้ยังไม่มีแท็ก
คุณยังไม่ได้ล็อกอิน คุณสามารถมีกิจกรรมร่วมกับเว็บไซต์ได้ แต่ต้องล็อกอินก่อน ::
  ล็อกอิน

รายการสื่อสารสนเทศ

ลำดับที่ ประเภท เลขเรียก/บาร์โค้ด สถานที่ สถานะ
1. การศึกษาทั่วไป
การศึกษาทั่วไป
LA1221 ม-ข ฉ.1 
  Barcode: 003409
ห้องสมุดวิทยาเขตสวรรค์ประชารักษ์
►หนังสือทั่วไป
บนชั้น

BibComment


ยังไม่เคยถูกคอมเมนท์

คอมเมนท์ทรัพยากรรายการนี้
  คอมเมนท์: ข้อเสนอแนะการพัฒ..


 Copyright 2026. Bcnsprnw @Library